[Event "5th Open"]
[Site "Dubai UAE"]
[Date "2003.04.26"]
[Round "7"]
[White "Gagunashvili,M"]
[Black "Mchedlishvili,M"]
[Result "1/2-1/2"]
[WhiteElo "2580"]
[BlackElo "2560"]

1.d4 Nf6 2.c4 e6 3.Nc3 Bb4 4.Qc2 O-O 5.a3 Bxc3+ 6.Qxc3 b6 7.Bg5 Bb7 8.f3 d6
9.e3 Nbd7 10.Bd3 c5 11.Ne2 Rc8 12.Qb3 cxd4 13.exd4 Ba6 14.Qa4 Nb8 15.Rd1 Qd7
16.Qb4 d5 17.b3 dxc4 18.bxc4 Nc6 19.Qd2 Ne8 20.Qe3 Na5 21.c5 Bxd3 22.Qxd3 Nc7
23.Nc3 Nd5 24.O-O Nxc3 25.Qxc3 Qd5 26.Be3 Rfd8 27.Rc1 h6 28.Rf2 Nb3 29.Rb1 Nxd4
30.Bxd4 Qxd4 31.Qxd4 Rxd4 32.cxb6 axb6 33.Rfb2 Ra4 34.Rxb6 Rxa3 35.h4 Ra4
36.h5 Kf8 37.R1b2 Rac4 38.g4 Rc2 39.Rxc2 Rxc2 40.Rb7 Ke8 41.Ra7 Rd2 42.Kf1 Rd7
43.Ra5 Rd5 44.Ra7 Kf8 45.Kf2 f5 46.Ke3 fxg4 47.fxg4 Rb5 48.Ke4 Rb4+ 49.Ke5 Rxg4
50.Kxe6 Kg8 51.Ra8+ Kh7 52.Ra5 Rf4 53.Rf5 Ra4 54.Rb5 Re4+ 55.Re5 Rf4 56.Rf5  1/2-1/2

[Event "FSIMB May"]
[Site "Budapest HUN"]
[Date "2003.05.06"]
[Round "4"]
[White "Kaposztas,M"]
[Black "Schnelzer,R"]
[Result "0-1"]
[WhiteElo "2268"]
[BlackElo "2271"]

1.c4 Nf6 2.Nc3 e6 3.d4 Bb4 4.Qc2 O-O 5.a3 Bxc3+ 6.Qxc3 b6 7.Nf3 d6 8.g3 Nbd7
9.Bg2 Bb7 10.O-O c5 11.b3 Rc8 12.Bb2 cxd4 13.Qxd4 Nc5 14.Nd2 e5 15.Qc3 Bxg2
16.Kxg2 Qe7 17.a4 Rfe8 18.b4 Na6 19.Qb3 d5 20.cxd5 Qxb4 21.Qxb4 Nxb4 22.Rfc1 Nc2
23.Rab1 Nxd5 24.Ne4 Rc6 25.Rd1 Nde3+ 26.fxe3 Nxe3+ 27.Kf3 Nxd1 28.Rxd1 f6
29.g4 Re7 30.Rd5 Kf7 31.Rb5 Rd7 32.a5 Rd1 33.Bc3 Ke6 34.axb6 axb6 35.Bd2 Kd7
36.Rb2 Ra1 37.Be3 Kc7 38.h3 Ra3 39.Kf2 g6 40.Nd2 Ra4 41.Nf3 Kb7 42.g5 fxg5
43.Nxg5 h6 44.Nf3 Rf6 45.Kg2 g5 46.Bg1 Re6 47.Be3 g4 48.hxg4 Rxg4+ 49.Kf2 e4
50.Nd2 Rf6+ 51.Ke1 h5 52.Nc4 Rgg6 53.Rb5 h4  0-1

[Event "National I"]
[Site "Clermont-Ferrand FRA"]
[Date "2003.05.08"]
[Round "8"]
[White "Marcelin,C"]
[Black "Schlosser,P"]
[Result "0-1"]
[WhiteElo "2503"]
[BlackElo "2527"]

1.d4 Nf6 2.c4 e6 3.Nc3 Bb4 4.Qc2 O-O 5.a3 Bxc3+ 6.Qxc3 b6 7.Bg5 Ba6 8.e3 d6
9.Bd3 Nbd7 10.Ne2 h6 11.Bh4 c5 12.b4 cxd4 13.exd4 Rc8 14.Qb3 e5 15.Rc1 d5
16.cxd5 Rxc1+ 17.Nxc1 Bxd3 18.Nxd3 e4 19.Ne5 Nxe5 20.dxe5 Qxd5 21.Qxd5 Nxd5
22.Kd2 g5 23.Bg3 Rd8 24.Kc2 Rc8+ 25.Kb2 b5 26.h4 Kg7 27.hxg5 hxg5 28.Re1 Rc4
29.Rd1 Nc7 30.Rd7 a6 31.Rd6 e3 32.f3 Ne6 33.Rd3 Nf4 34.Rxe3 Nxg2 35.Rc3 Rxc3
36.Kxc3 Nh4 37.Kd4 Nf5+ 38.Kc5 Nxg3 39.Kb6 Ne2  0-1

[Event "National I"]
[Site "Clermont-Ferrand FRA"]
[Date "2003.05.09"]
[Round "9"]
[White "Gerard,N"]
[Black "Pinter,J"]
[Result "1/2-1/2"]
[WhiteElo "2243"]
[BlackElo "2570"]

1.d4 Nf6 2.c4 e6 3.Nc3 Bb4 4.Qc2 O-O 5.e4 d6 6.a3 Bxc3+ 7.bxc3 e5 8.Bd3 c5
9.Ne2 Nc6 10.O-O Nh5 11.Be3 b6 12.f4 exf4 13.Nxf4 Nxf4 14.Rxf4 Ne7 15.e5 Ng6
16.exd6 Qxd6 17.dxc5 bxc5 18.Bxg6 hxg6 19.Qf2 Qc7 20.Bxc5 Re8 21.Bd4 Bf5
22.c5 Re7 23.Qg3 Rae8 24.Rff1 Qxg3 25.hxg3 Bd3 26.Rfd1 Bb5 27.Bf2 f6 28.a4 Bc6
29.Rd6 Re6 30.a5 Kf7 31.Rad1 g5 32.Rxe6 Rxe6 33.Rd6 Ke7 34.a6 Bb5 35.Rxe6+ Kxe6
36.c6 Bxa6 37.Bxa7  1/2-1/2

[Event "National I"]
[Site "Clermont-Ferrand FRA"]
[Date "2003.05.10"]
[Round "10"]
[White "Nicoara,M"]
[Black "Hauchard,A"]
[Result "0-1"]
[WhiteElo "2268"]
[BlackElo "2512"]

1.d4 Nf6 2.c4 e6 3.Nc3 Bb4 4.Qc2 O-O 5.a3 Bxc3+ 6.Qxc3 Ne4 7.Qc2 f5 8.Nh3 Nc6
9.e3 d6 10.f3 Ng5 11.Nxg5 Qxg5 12.f4 Qh4+ 13.Qf2 Qf6 14.Bd2 e5 15.dxe5 dxe5
16.Bc3 Qe7 17.O-O-O a5 18.h3 Be6 19.fxe5 Qf7 20.Qh4 Ne7 21.g4 Ng6 22.Qh5 f4
23.exf4 Qxf4+ 24.Kb1 Rad8 25.Bg2 Rxd1+ 26.Rxd1 Qxc4 27.Rd4 Qa2+ 28.Kc1 c5
29.Rd6 Nf4 30.Qg5 Nxg2 31.Qe7 Nf4 32.g5 Ne2+  0-1

[Event "National I"]
[Site "Clermont-Ferrand FRA"]
[Date "2003.05.11"]
[Round "11"]
[White "Touzane,O"]
[Black "Van Hoolandt,P"]
[Result "1-0"]
[WhiteElo "2333"]
[BlackElo "2298"]

1.d4 Nf6 2.c4 e6 3.Nc3 Bb4 4.Qc2 O-O 5.a3 Bxc3+ 6.Qxc3 b6 7.Bg5 Bb7 8.f3 h6
9.Bh4 d5 10.e3 Nbd7 11.cxd5 Nxd5 12.Bxd8 Nxc3 13.Bh4 Nd5 14.Bf2 c5 15.e4 N5f6
16.Bb5 cxd4 17.Bxd4 a6 18.Ba4 b5 19.Bb3 Rfc8 20.Rd1 Nc5 21.Ba2 a5 22.Ne2 b4
23.Kf2 Nfd7 24.Rd2 Ba6 25.Rhd1 Bb5 26.Be3 bxa3 27.bxa3 Ne5 28.Bd4 Ned7 29.Rb1 Ba6
30.Ke3 Rab8 31.Rxb8 Rxb8 32.Bc3 a4 33.Bb4 Rc8 34.Rc2 g6 35.Nf4 g5 36.Nh5 Nb3
37.Rxc8+ Bxc8 38.Bb1 Ba6 39.Bd3 Bxd3 40.Kxd3 f5 41.exf5 exf5 42.Ng3 Ne5+
43.Kc3 f4 44.Ne4 Ng6 45.Nc5 Nxc5 46.Bxc5 Nh4 47.Kb4 Nxg2 48.Kxa4 Ne1 49.Kb5 Nxf3
50.a4 Nxh2 51.a5 Kf7 52.a6 g4 53.a7 Nf3 54.a8=Q Kg6 55.Qe4+ Kg5  1-0

[Event "National I"]
[Site "Clermont-Ferrand FRA"]
[Date "2003.05.11"]
[Round "11"]
[White "Karr,JP"]
[Black "Luther,T"]
[Result "0-1"]
[WhiteElo "2376"]
[BlackElo "2571"]

1.d4 Nf6 2.c4 e6 3.Nc3 Bb4 4.Qc2 O-O 5.a3 Bxc3+ 6.Qxc3 b6 7.Bg5 Bb7 8.e3 h6
9.Bh4 c5 10.dxc5 bxc5 11.f3 d5 12.Bxf6 Qxf6 13.Qxf6 gxf6 14.O-O-O Nd7 15.cxd5 Bxd5
16.Ne2 Rfd8 17.Nf4 Bb3 18.Rd2 c4 19.Be2 Nc5 20.e4 Kf8 21.Bd1 Rdc8 22.Bc2 Rab8
23.Kb1 Na4 24.Ne2 c3 25.Nxc3 Bxc2+  0-1

[Event "28th Elekes Mem GM"]
[Site "Budapest HUN"]
[Date "2003.05.20"]
[Round "4"]
[White "Hoang Thanh Trang"]
[Black "Galyas,M"]
[Result "1/2-1/2"]
[WhiteElo "2445"]
[BlackElo "2413"]

1.d4 Nf6 2.c4 e6 3.Nc3 Bb4 4.Qc2 O-O 5.a3 Bxc3+ 6.Qxc3 b6 7.Bg5 Bb7 8.f3 d5
9.e3 Nbd7 10.cxd5 exd5 11.Bd3 h6 12.Bh4 c5 13.Ne2 Rc8 14.O-O Re8 15.dxc5 bxc5
16.Rfd1 d4 17.exd4 c4 18.Bxf6 Nxf6 19.Be4 Nxe4 20.fxe4 Bxe4 21.Ng3 Bg6 22.Rd2 Qd5
23.Rad1 Rb8 24.Ne2 Rb3 25.Qc1 Bd3 26.Nc3 Qxd4+ 27.Kh1 Rb6 28.Re1 Rbe6 29.Rdd1 Qf2
30.Rxe6 Rxe6 31.h3 Rb6 32.Rd2 Qg3 33.Qg1 Rf6 34.Rd1 Qf2 35.Nd5 Qxg1+ 36.Kxg1 Rd6
37.Nf4 Rb6 38.Nxd3 cxd3 39.Rxd3 Rxb2 40.Rd8+ Kh7 41.Rd7 a5 42.Rd5 a4  1/2-1/2

[Event "28th Elekes Mem GM"]
[Site "Budapest HUN"]
[Date "2003.05.26"]
[Round "10"]
[White "Hoang Thanh Trang"]
[Black "Medvegy,N"]
[Result "0-1"]
[WhiteElo "2445"]
[BlackElo "2385"]

1.d4 Nf6 2.c4 e6 3.Nc3 Bb4 4.Qc2 O-O 5.a3 Bxc3+ 6.Qxc3 b6 7.Bg5 Ba6 8.Qf3 Nc6
9.e3 Na5 10.Rc1 c5 11.Bxf6 Qxf6 12.Qxf6 gxf6 13.d5 Rfe8 14.Nf3 Rac8 15.Nd2 exd5
16.cxd5 Bxf1 17.Kxf1 c4 18.g4 Rc5 19.Ke2 Re5 20.f4 Rexd5 21.Ne4 Rc6 22.Rhd1 Rd3
23.b4 d5 24.Nxf6+ Rxf6 25.bxa5 Rxa3 26.Rxd5 Re6 27.axb6 axb6 28.Rxc4 Rexe3+
29.Kf2 Reb3 30.Rd2 b5 31.Rc8+ Kg7 32.Kg2 b4 33.Rb8 Rb1 34.Rb7 Rc3 35.Kf2 b3
36.Ke2 Rh1 37.Rdd7 Rxh2+ 38.Kd1 b2 39.Rxf7+ Kg8 40.Rg7+ Kh8 41.Rxh7+ Rxh7
42.Rxb2 Rh1+ 43.Kd2 Rg3 44.Rb8+ Kg7 45.Rb7+ Kf8  0-1

[Event "28th Elekes Mem GM"]
[Site "Budapest HUN"]
[Date "2003.05.27"]
[Round "11"]
[White "Turov,M"]
[Black "Galyas,M"]
[Result "1/2-1/2"]
[WhiteElo "2531"]
[BlackElo "2413"]

1.d4 Nf6 2.c4 e6 3.Nc3 Bb4 4.Qc2 O-O 5.a3 Bxc3+ 6.Qxc3 b6 7.Bg5 Bb7 8.f3 h6
9.Bh4 d5 10.e3 Nbd7 11.cxd5 Nxd5 12.Bxd8 Nxc3 13.Bh4 Nd5 14.Bf2 c5 15.e4 Ne7
16.Ne2 Rac8 17.Nc3 cxd4 18.Bxd4 Nc6 19.Bf2 Nce5 20.O-O-O Nc5 21.Kb1 Rfd8
22.Be2 Bc6 23.Rd4 Nb3 24.Rxd8+ Rxd8 25.Rd1 Rxd1+ 26.Bxd1 Nc5 27.Be2 Kf8 28.Kc2 Ke7
29.b4 Nb7 30.f4 Ng6 31.g3 Nd6 32.e5 Ne4 33.Nxe4 Bxe4+ 34.Kc3 Kd7 35.h4 Ne7
36.h5 Bc6 37.Be1 Bb7 38.Bd2 Nf5 39.Be1 Ne3 40.Bf2 Nd5+ 41.Kd4 Bc6 42.b5 Bb7
43.Be1 Ne7 44.g4 Bg2 45.Bd2 Bh1 46.Ke3 Nd5+ 47.Kd4 Ne7 48.Bd1 Bg2 49.Bb4 g6
50.hxg6 fxg6 51.Bd6 Bh1 52.a4 Bg2 53.Ba3  1/2-1/2

[Event "TCh-NOR"]
[Site "Asker NOR"]
[Date "2003.05.28"]
[Round "1"]
[White "Romsdal,T"]
[Black "Gronn,A"]
[Result "0-1"]
[WhiteElo "2207"]
[BlackElo "2310"]

1.d4 Nf6 2.c4 e6 3.Nc3 Bb4 4.Qc2 O-O 5.Nf3 c5 6.e3 cxd4 7.exd4 d5 8.Be3 Nc6
9.Be2 dxc4 10.Bxc4 b6 11.O-O Bb7 12.Rad1 Be7 13.a3 Na5 14.Be2 Rc8 15.Ne5 Nd5
16.Bd3 f5 17.Bd2 Bd6 18.Rfe1 Qh4 19.Qa4 Bc6 20.Bb5 Bxe5 21.Rxe5 Rf6 22.Bxc6 Nxc3
23.Bxc3 Rxc6 24.Re3 Rg6 25.Rde1 f4 26.Re4 Qh3  0-1

[Event "4th IECC"]
[Site "Istanbul TUR"]
[Date "2003.06.02"]
[Round "4"]
[White "Burmakin,V"]
[Black "Olafsson,H"]
[Result "0-1"]
[WhiteElo "2569"]
[BlackElo "2473"]

1.d4 Nf6 2.c4 e6 3.Nc3 Bb4 4.Qc2 O-O 5.a3 Bxc3+ 6.Qxc3 b6 7.Bg5 Bb7 8.e3 d6
9.f3 Nbd7 10.Bd3 c5 11.Ne2 Rc8 12.Qb3 h6 13.Bh4 d5 14.O-O Ba6 15.Rfc1 b5
16.cxb5 c4 17.Bxc4 dxc4 18.Qa4 Bb7 19.Qxa7 Qc7 20.Qa4 e5 21.Qd1 e4 22.f4 Nd5
23.Qd2 Qd6 24.Be1 N7b6 25.a4 c3 26.Nxc3 Nc4 27.Nxe4 Qe7 28.Rxc4 Rxc4 29.Nc5 Nxe3
30.Bf2 Nxg2 31.Nxb7 Qxb7 32.b3 Qe4 33.bxc4 Nxf4 34.Be3 Nh3+ 35.Kf1 Qf3+ 36.Ke1 Re8
37.Ra3 Qh1+ 38.Ke2 Nf4+ 39.Kf2 Qg2+  0-1

[Event "Golden Cleopatra"]
[Site "Cairo EGY"]
[Date "2003.06.04"]
[Round "4"]
[White "Abdel Razik,K"]
[Black "Elgabry,M"]
[Result "1/2-1/2"]
[WhiteElo "2380"]
[BlackElo "2294"]

1.d4 Nf6 2.c4 e6 3.Nc3 Bb4 4.Qc2 O-O 5.e4 Bxc3+ 6.bxc3 c5 7.e5 Ne8 8.Nf3 h6
9.h4 d6 10.Rh3 f5 11.exf6 Rxf6 12.Ng5 e5 13.dxe5 dxe5 14.Qh7+ Kf8 15.Rd3 Qc7
16.Ne4 Rf7 17.Be3 Na6 18.g4 Bxg4 19.Bxh6 gxh6 20.Qxh6+ Rg7 21.Rg3 Qc6 22.Qh8+ Rg8
23.Qxe5 Qe6 24.Qf4+ Ke7 25.Re3 Kd8 26.f3 Qf5 27.Qg3 Bxf3 28.Qxg8 Bxe4 29.Bh3 Qf4
30.Qg5+ Qxg5 31.hxg5 Nd6 32.O-O-O Kc7 33.Rxd6 Kxd6 34.Rxe4 Nc7 35.g6 Re8
36.Bg2 Rg8 37.Rg4 b6 38.g7 Ne8 39.Rg6+ Ke7 40.Bc6 Nf6 41.Bd5 Nxd5 42.cxd5 Kf7
43.Rc6 Kxg7 44.Kc2 Rd8 45.c4 Rh8 46.Kb3 Rh1 47.a3 Kf7 48.Kc2 Rh3 49.Rc7+ Kf6
50.Rxa7 Ke5 51.Re7+ Kd6 52.Re6+ Kc7 53.a4 Ra3 54.Re7+ Kd6 55.Rb7 Rxa4 56.Rxb6+ Ke5
57.Kb3 Ra1 58.Re6+ Kd4 59.Rh6 Ra8 60.Rh4+ Ke5  1/2-1/2

[Event "Golden Cleopatra"]
[Site "Cairo EGY"]
[Date "2003.06.05"]
[Round "5"]
[White "El Gindy,E"]
[Black "Van Hoolandt,P"]
[Result "1-0"]
[WhiteElo "2473"]
[BlackElo "2298"]

1.d4 Nf6 2.c4 e6 3.Nc3 Bb4 4.Qc2 O-O 5.Bg5 h6 6.Bh4 c5 7.dxc5 Nc6 8.a3 Bxc5
9.Nf3 Be7 10.e3 Qa5 11.Be2 d5 12.O-O dxc4 13.Bxc4 Qc5 14.Ba2 Ne5 15.Nxe5 Qxe5
16.Rad1 b6 17.Bb1 g6 18.Rd4 Bb7 19.Rfd1 Rfd8 20.Ba2 Rac8 21.Bg3 Qc5 22.Bxe6 fxe6
23.Qxg6+ Kf8 24.Bf4 Ng8 25.Bxh6+ Nxh6 26.Qxh6+ Kf7 27.Rf4+ Kg8 28.Rg4+ Kf7
29.Qg6+ Kf8 30.Qg8+  1-0

[Event "FSGM June"]
[Site "Budapest HUN"]
[Date "2003.06.08"]
[Round "2"]
[White "Lorscheid,G"]
[Black "Galyas,M"]
[Result "1/2-1/2"]
[WhiteElo "2315"]
[BlackElo "2413"]

1.d4 Nf6 2.c4 e6 3.Nc3 Bb4 4.Qc2 O-O 5.a3 Bxc3+ 6.Qxc3 b6 7.Bg5 Bb7 8.Nf3 h6
9.Bh4 d6 10.Nd2 c5 11.e3 Nbd7 12.dxc5 bxc5 13.Rg1 Ne5 14.f4 Ng6 15.Bxf6 Qxf6
16.Qxf6 gxf6 17.b4 Rfc8 18.Bd3 d5 19.Ke2 dxc4 20.Nxc4 Ba6 21.Rgc1 cxb4 22.axb4 Bb5
23.Nb2  1/2-1/2

[Event "FSGM June"]
[Site "Budapest HUN"]
[Date "2003.06.14"]
[Round "8"]
[White "Turov,M"]
[Black "Galyas,M"]
[Result "1/2-1/2"]
[WhiteElo "2531"]
[BlackElo "2413"]

1.c4 Nf6 2.Nc3 e6 3.d4 Bb4 4.Qc2 O-O 5.a3 Bxc3+ 6.Qxc3 b6 7.Bg5 Bb7 8.f3 h6
9.Bh4 d5 10.cxd5 exd5 11.e3 Re8 12.Bf2 c5 13.Bb5 Bc6 14.Bd3 cxd4 15.Qxd4 Nbd7
16.Ne2 Nc5 17.Bc2 Bb5 18.Nc3 Bc4 19.O-O-O Nb3+ 20.Bxb3 Bxb3 21.Rd2 Nd7 22.Nxd5 Nc5
23.Kb1 Qg5 24.e4 Bxd5 25.Qxd5 Qxg2 26.Rg1 Qxf3 27.Bxc5 bxc5 28.Rdg2 Qxe4+
29.Qxe4 Rxe4 30.Rxg7+ Kh8 31.Rxf7 Re2 32.Rb7 Rxh2 33.Rgg7 Rb8 34.Rh7+ Kg8
35.Rxh6 Rxb7 36.Rxh2 Kf8 37.Rh8+ Kg7 38.Rc8 Kf6 39.Rxc5 Ke6 40.b4 Kd6 41.Kc2 Rb6
42.Kb3 Ra6 43.a4 Kd7 44.Rc3 Rd6 45.b5 Rh6 46.Kb4 Rg6 47.Rc4 Rh6 48.a5 Rg6
49.b6 axb6 50.a6 Rg1 51.a7 Ra1 52.Rh4 Kc6  1/2-1/2

[Event "zt 3.2a"]
[Site "Ho Chi Minh City VIE"]
[Date "2003.06.23"]
[Round "4"]
[White "Duong The Anh"]
[Black "Nguyen Ngoc Truongson"]
[Result "0-1"]
[WhiteElo "2243"]
[BlackElo "2440"]

1.d4 Nf6 2.c4 e6 3.Nc3 Bb4 4.Qc2 O-O 5.e4 c5 6.dxc5 Nc6 7.Nf3 Bxc5 8.Be2 Ng4
9.O-O Qc7 10.g3 b6 11.Bf4 Nge5 12.Nxe5 Nxe5 13.Nb5 Qb8 14.Qc3 f6 15.b4 Be7
16.Rad1 a5 17.a3 axb4 18.axb4 Ra4 19.Rb1 Bb7 20.Bd1 Ra8 21.f3 Rc8 22.Qd4 Bc6
23.Rf2 d5 24.exd5 exd5 25.Be2 dxc4 26.Bxc4+ Kh8 27.Nc3 Bxf3 28.Bd5 Qd6 29.Ne4 Bxe4
30.Qxe4 Ra4 31.Qf5 Rf8 32.Be4 g6 33.Qh3 Rxb4 34.Bxe5 Rxb1+ 35.Bxb1 Qd1+ 36.Qf1 Qxf1+
37.Kxf1 fxe5 38.Rxf8+ Bxf8 39.Ke2 Kg7 40.Kd3 Kf6 41.Ke4 Ke6 42.h4 Be7 43.Ba2+ Kf6
44.Bc4 Bc5 45.g4 Bf2 46.h5 Kg5 47.Be2 Bd4 48.hxg6 Kxg6 49.Kd5 Kg5 50.Ke4 h6
51.Kf3 Kf6 52.Ke4 Ke6 53.Bd3 Kd6 54.Be2 Kc5 55.Kf5 b5 56.Bd3 b4 57.g5 hxg5
58.Kxg5 b3 59.Kf5 Kb4 60.Ke6 Kc3 61.Bf5 b2  0-1

[Event "TCh-BIH"]
[Site "Jahorina BIH"]
[Date "2003.06.24"]
[Round "5"]
[White "Drasko,M"]
[Black "Palac,M"]
[Result "1/2-1/2"]
[WhiteElo "2491"]
[BlackElo "2587"]

1.d4 Nf6 2.c4 e6 3.Nc3 Bb4 4.Qc2 O-O 5.a3 Bxc3+ 6.Qxc3 Ne4 7.Qc2 f5 8.e3 b6
9.Ne2 Bb7 10.f3 Qh4+ 11.g3 Qe7 12.Bg2 Nf6  1/2-1/2

[Event "zt 3.2a"]
[Site "Ho Chi Minh City VIE"]
[Date "2003.06.27"]
[Round "8"]
[White "Leong,L"]
[Black "Chan Peng Kong"]
[Result "1/2-1/2"]
[WhiteElo "2277"]
[BlackElo "2349"]

1.c4 Nf6 2.Nc3 e6 3.d4 Bb4 4.Qc2 O-O 5.a3 Bxc3+ 6.Qxc3 b6 7.Bg5 h6 8.Bh4 Bb7
9.f3 d5 10.e3 Nbd7 11.Nh3 c5 12.cxd5 Nxd5 13.Bxd8 Nxc3 14.Be7 Rfe8 15.Bh4 Nd5
16.Bb5 g5 17.Bf2 Red8 18.e4 g4 19.exd5 gxh3 20.Bh4 Bxd5 21.Bxd8 Rxd8 22.Bxd7 Rxd7
23.Kf2 hxg2 24.Kxg2 cxd4 25.Rad1 Bb3 26.Rd2 e5 27.Kf2 f6  1/2-1/2

[Event "White Nights"]
[Site "St Petersburg RUS"]
[Date "2003.06.30"]
[Round "2"]
[White "Doroshkievich,V"]
[Black "Biriukov,O"]
[Result "1-0"]
[WhiteElo "2413"]
[BlackElo "2369"]

1.d4 Nf6 2.c4 e6 3.Nc3 Bb4 4.Qc2 O-O 5.e4 d5 6.e5 Ne4 7.Bd3 c5 8.a3 Bxc3+
9.bxc3 cxd4 10.cxd4 Qa5+ 11.Kf1 Bd7 12.Ne2 f6 13.exf6 Nxf6 14.Bd2 Qc7 15.Bf4 Qc8
16.c5 Nc6 17.Bd6 Rf7 18.f3 b6 19.Kg1 bxc5 20.Qxc5 Ne8 21.Bg3 Ne7 22.Qa5 Nf5
23.Rc1 Qd8 24.Qxd8 Rxd8 25.Be5 Nfd6 26.Rb1 Nc4 27.Bxc4 dxc4 28.Kf2 Bc6 29.Rb4 Bd5
30.Rhb1 Nf6 31.Rb8 Rff8 32.Rxd8 Rxd8 33.Nc3 Rd7 34.Rb4 Kf7 35.Ke2 h6 36.Kd2 Kg6
37.h3 Kf7 38.Nb5 Ne8 39.Nc3 Nf6 40.Rb8 Kg6 41.Kc2 Kf7 42.Kd2 Bc6 43.Rb4 Bd5
44.a4 Kg6 45.a5 Bb7 46.Rxc4 Ba6 47.Rc6 Bf1 48.g4 Bxh3 49.Rxe6 h5 50.gxh5+ Kh7
51.Rc6 Nd5 52.Ne4 Rf7 53.Ke2 Bg2 54.Nd2 g5 55.Rc5 Nb4 56.d5 Rf5 57.d6 g4
58.d7 Nc6 59.f4  1-0

[Event "White Nights"]
[Site "St Petersburg RUS"]
[Date "2003.06.30"]
[Round "2"]
[White "Sergeev,Ve"]
[Black "Rodionov,Ad"]
[Result "1/2-1/2"]
[WhiteElo "2426"]
[BlackElo "2356"]

1.d4 Nf6 2.c4 e6 3.Nc3 Bb4 4.Qc2 O-O 5.a3 Bxc3+ 6.Qxc3 Ne4 7.Qc2 f5 8.e3 b6
9.Nf3 Bb7 10.Bd3 d6 11.b3 Nd7 12.Bb2 Ng5 13.Nxg5 Qxg5 14.O-O-O e5 15.h4 Qf6
16.f3 Rae8 17.d5 Nc5 18.Be2 Qh6 19.Qc3 Bc8 20.Kb1 Qg6 21.Ka2 Qg3 22.Qe1 Qxe1
23.Rhxe1 a5 24.b4 axb4 25.axb4 Na4 26.Ba1 Bd7 27.Rc1 Ra8 28.Kb3 Rfb8 29.f4 exf4
30.exf4 Re8 31.Bf3 Rxe1 32.Rxe1 Re8 33.Rxe8+ Bxe8 34.Bd4 Kf7 35.Bd1 g6 36.Ka3 b5
37.c5 Ke7 38.c6 Bf7 39.Be2 Bxd5 40.Bxb5 Nb6 41.Bxb6 cxb6 42.c7 Bb7 43.Bc6 Ba6
44.Kb3 d5 45.Bxd5 Kd6 46.Bg8 h6 47.Bf7 Kxc7 48.Bxg6 Bc8 49.Kc4 Be6+ 50.Kd4 Kd6
51.g3 Bc8 52.Bf7 Ke7 53.Bh5 Kd6 54.Bf3 Be6 55.Ke3 Bd7 56.Kf2 Bc8 57.Kg2 Ba6
58.g4 fxg4 59.Bxg4 Kd5 60.Kg3 Kd4 61.Bd7 Be2 62.Bg4 Bc4 63.Bd7 Be2 64.Be8 Bd1
65.Bc6 Kc4 66.f5 Kxb4 67.f6 Bh5 68.Bd5 Kc5 69.f7 Bxf7 70.Bxf7 Kd6 71.Kg4 Ke7
72.Bc4 Kf6 73.Kh5 Kg7 74.Bd3 b5 75.Bxb5 Kh7 76.Bd3+ Kg7  1/2-1/2

[Event "11th Fair Play Trophy"]
[Site "Techirghiol ROM"]
[Date "2003.07.02"]
[Round "2"]
[White "Miljkovic,Mih"]
[Black "Florescu,C"]
[Result "1/2-1/2"]
[WhiteElo "2275"]
[BlackElo "2416"]

1.d4 Nf6 2.c4 e6 3.Nc3 Bb4 4.Qc2 O-O 5.e4 d5 6.cxd5 exd5 7.e5 Ne4 8.Bd3 c5
9.Ne2 Nc6 10.O-O cxd4 11.Nxd5 Qxd5 12.Bxe4 Qxe5 13.Bxh7+ Kh8 14.Bf4 Qf6 15.Be4 Re8
16.Rfd1 Bg4 17.f3 Rxe4 18.Qxe4 Bf5 19.Qd5 Rd8 20.Qc4 d3 21.Ng3 Rd4 22.Qc1 Bg6
23.Bd2 Qd8 24.Bxb4 Nxb4 25.Qd2 Rc4 26.Qf2 Rc2 27.Rd2 Qf6 28.Nf1 Qe5 29.Qh4+ Kg8
30.Qd8+ Kh7 31.Qh4+ Kg8 32.Qd8+ Kh7  1/2-1/2

[Event "IM"]
[Site "Bogny sur Meuse FRA"]
[Date "2003.07.03"]
[Round "9"]
[White "Eliet,N"]
[Black "Kveinys,A"]
[Result "1/2-1/2"]
[WhiteElo "2422"]
[BlackElo "2539"]

1.d4 Nf6 2.c4 e6 3.Nc3 Bb4 4.Qc2 O-O 5.a3 Bxc3+ 6.Qxc3 b6 7.Bg5 Bb7 8.e3 d6
9.Ne2 Nbd7 10.Qd3 Re8 11.Nc3 h6 12.Bh4  1/2-1/2

[Event "It"]
[Site "Brno CZE"]
[Date "2003.07.03"]
[Round "8"]
[White "Wiley,To"]
[Black "Vyskocil,N"]
[Result "1-0"]
[WhiteElo "2319"]
[BlackElo "2381"]

1.d4 Nf6 2.c4 e6 3.Nc3 Bb4 4.Qc2 O-O 5.a3 Bxc3+ 6.Qxc3 b6 7.Bg5 Bb7 8.Nf3 d6
9.Nd2 Nbd7 10.f3 c5 11.e3 Rc8 12.dxc5 Rxc5 13.Bh4 d5 14.b4 Rc8 15.Qb2 Qc7
16.Be2 dxc4 17.Nxc4 Rfe8 18.O-O Bd5 19.Rac1 Bxc4 20.Bxc4 Qe5 21.Qxe5 Nxe5
22.Ba6 Rxc1 23.Rxc1 Ng6 24.Bg3 Nd5 25.e4 Ndf4 26.Rc7 Ra8 27.Bxf4 Nxf4 28.g3 Ng6
29.f4 Kf8 30.Kf2 Ne7 31.Ke3 h5 32.b5 Ke8 33.Bb7 Rd8 34.Bc6+ Nxc6 35.bxc6 a6
36.Rb7 b5 37.Ra7 Rc8 38.Rxa6 Kd8 39.Kd4  1-0

[Event "White Nights"]
[Site "St Petersburg RUS"]
[Date "2003.07.06"]
[Round "8"]
[White "Feoktistov,A"]
[Black "Biriukov,O"]
[Result "0-1"]
[WhiteElo "2414"]
[BlackElo "2369"]

1.d4 Nf6 2.c4 e6 3.Nc3 Bb4 4.Qc2 O-O 5.a3 Bxc3+ 6.Qxc3 b6 7.Bg5 Bb7 8.f3 h6
9.Bh4 d6 10.e4 c5 11.dxc5 bxc5 12.Bxf6 Qxf6 13.Qxf6 gxf6 14.Ne2 Nc6 15.Nf4 Kg7
16.Bd3 Ne5 17.O-O-O Ba6 18.Be2 Rfd8 19.b3 Kf8 20.Kb2 Ke7 21.Kc3 Rac8 22.Rd2 Rc6
23.Nh5 Rb6 24.Bd1 Rdb8 25.Nf4 Nc6 26.Ne2 Na5 27.Nc1 Nc6 28.Re1 Bc8 29.Nd3 a5
30.a4 Nd4 31.Nc1 f5 32.exf5 Nxf5 33.Ne2 Ne3 34.Nc1 Nf5 35.Ne2 e5 36.g4 Ng7
37.f4 f6 38.f5 h5 39.Nf4 hxg4 40.Nd5+ Kf7 41.Nxb6 Rxb6 42.Bxg4 Bxf5 43.Bf3 Be6
44.Be4 Bf5 45.Bf3 Be6 46.Rg1 Nf5 47.Rdg2 Rb8 48.h4 Rh8 49.h5 Kf8 50.Bg4 Nd4
51.Bxe6 Nxe6 52.Rg6 Kf7 53.h6 Rh7 54.Kb2 Rh8 55.R1g3 Rh7 56.Rg8 Rxh6 57.Ra8 f5
58.Rxa5 Rh2+ 59.Ka3 f4 60.Ra7+ Kf6 61.Rg1 f3 62.Rd7 f2 63.Rb1 e4 64.Rxd6 e3
65.Rdd1 e2 66.Rdc1 Nd4 67.a5 e1=Q 68.Rxe1 Nc2+ 69.Ka4 Nxe1 70.Rb2 Nd3 71.Rd2 Rh1
72.Rxf2+ Nxf2 73.Kb5 Nd3 74.a6 Rb1 75.a7 Rxb3+ 76.Kc6 Ra3  0-1

[Event "FSIM July"]
[Site "Budapest HUN"]
[Date "2003.07.08"]
[Round "4"]
[White "Werner,Di"]
[Black "Eperjesi,L"]
[Result "1/2-1/2"]
[WhiteElo "2376"]
[BlackElo "2255"]

1.d4 Nf6 2.c4 e6 3.Nc3 Bb4 4.Qc2 O-O 5.e4 Bxc3+ 6.bxc3 d6 7.Bg5 e5 8.O-O-O Nbd7
9.Bd3 c6 10.Ne2 Qa5 11.Qd2 b5 12.cxb5  1/2-1/2

[Event "25th Open"]
[Site "Oberwart AUT"]
[Date "2003.07.10"]
[Round "6"]
[White "Ahlers,B"]
[Black "Lakos,N"]
[Result "0-1"]
[WhiteElo "2199"]
[BlackElo "2372"]

1.d4 Nf6 2.c4 e6 3.Nc3 Bb4 4.Qc2 O-O 5.a3 Bxc3+ 6.Qxc3 b6 7.Bg5 Bb7 8.f3 h6
9.Bh4 d5 10.e3 Nbd7 11.Nh3 Rc8 12.c5 bxc5 13.dxc5 c6 14.Bd3 Re8 15.b4 Ne4
16.Bxd8 Nxc3 17.Bh4 Ne5 18.Bf1 a5 19.bxa5 Ra8 20.Bg3 Nd7 21.Rc1 Na4 22.Be2 Rxa5
23.O-O Naxc5 24.Bc7 Rxa3 25.Bd6 Rxe3 26.Rf2 Nd3 27.Bxd3 Rxd3 28.Rb2 Ba8 29.Ra2 Rb3
30.Ra7 Bb7  0-1

[Event "Open A"]
[Site "Poznan POL"]
[Date "2003.07.10"]
[Round "5"]
[White "Lagowski,P"]
[Black "Ostrowski,L"]
[Result "1-0"]
[WhiteElo "2389"]
[BlackElo "2334"]

1.d4 Nf6 2.c4 e6 3.Nc3 Bb4 4.Qc2 O-O 5.e4 d5 6.e5 Ne4 7.Bd3 c5 8.dxc5 Nd7
9.Nf3 Ndxc5 10.O-O Bxc3 11.bxc3 Qa5 12.cxd5 exd5 13.c4 Be6 14.Be3 Rac8 15.Bxc5 Rxc5
16.Rac1 Rfc8 17.Nd4 Nd2 18.Rfd1 Nxc4 19.Nb3 Qa3 20.Nxc5 Qxc5 21.Bxh7+ Kf8
22.Bd3 b5  1-0

[Event "BCSA Open"]
[Site "Batumi GEO"]
[Date "2003.07.17"]
[Round "1"]
[White "Kamadadze,Z"]
[Black "Kacheishvili,G"]
[Result "0-1"]
[WhiteElo "2208"]
[BlackElo "2603"]

1.d4 Nf6 2.c4 e6 3.Nc3 Bb4 4.Qc2 O-O 5.a3 Bxc3+ 6.Qxc3 b6 7.f3 d5 8.Bg5 Ba6
9.e3 Nbd7 10.Nh3 h6 11.Bh4 Rc8 12.b4 Ne4 13.Bxd8 Nxc3 14.Bh4 Bxc4 15.Bxc4 dxc4
16.Rc1 Nb5 17.a4 Nd6 18.e4 a6 19.O-O b5 20.a5 e5 21.Rfd1 exd4 22.Rxd4 Ne5
23.Rd5 Nd3 24.Rb1 f5 25.e5 Nb7 26.f4 c5 27.e6 cxb4 28.e7 Rfe8 29.Nf2 Nxf4  0-1

[Event "BCSA Open"]
[Site "Batumi GEO"]
[Date "2003.07.17"]
[Round "1"]
[White "Kotanjian,T"]
[Black "Guramishvili,S"]
[Result "1-0"]
[WhiteElo "2431"]
[BlackElo "2113"]

1.d4 Nf6 2.c4 e6 3.Nc3 Bb4 4.Qc2 O-O 5.a3 Bxc3+ 6.Qxc3 Ne4 7.Qc2 d5 8.Nf3 Nd7
9.Bf4 c6 10.e3 Ndf6 11.Bd3 Bd7 12.O-O b5 13.cxb5 cxb5 14.Ne5 Rc8 15.Qe2 a6
16.a4 bxa4 17.Bxa6 Ra8 18.Nxd7 Nxd7 19.f3 Qa5 20.Bb5 Nef6 21.Rxa4 Qb6 22.Rc1 Rxa4
23.Bxa4 Qb4 24.Qb5 Qxb5 25.Bxb5 h6 26.b4 Ra8 27.Bxd7 Nxd7 28.b5 Ra3 29.Rb1 Nb6
30.Bc7  1-0

[Event "BCSA Open"]
[Site "Batumi GEO"]
[Date "2003.07.18"]
[Round "2"]
[White "Zarkua,D"]
[Black "Mkrtchian,L"]
[Result "1/2-1/2"]
[WhiteElo "2246"]
[BlackElo "2413"]

1.d4 Nf6 2.c4 e6 3.Nc3 Bb4 4.Qc2 O-O 5.a3 Bxc3+ 6.Qxc3 b6 7.f3 d6 8.e4 c5
9.d5 e5 10.Ne2 Ne8 11.Ng3 Qh4 12.Bd3 g6 13.O-O Nd7 14.Be3 Ng7 15.Qd2 Qe7
16.Bh6 Bb7 17.a4 a5 18.Rae1 f6 19.b3 Rf7 20.Ne2 Re8 21.Bc2 Bc8 22.Nc3 Nf8
23.g3 g5 24.h4 gxh4 25.g4 Ng6 26.Ne2 Kh8 27.Kf2 Rg8 28.Rh1 Ne8 29.Reg1 Nc7
30.Rh2 Na6 31.Rgh1 Nb4 32.Bd1 Qd8 33.Ng1 Qe7 34.Nh3 Qe8 35.Be2 Qe7 36.Ke1 Qe8
37.Nf2 Bd7 38.Nh3 Bc8 39.Nf2 Bd7  1/2-1/2